000 03911nam a2200517 a 4500
005 20070801074756.0
008 040716s2005 nyu | 00| f eng
010 _aB-310841-854
020 _a0571224148
_c495.00
020 _a9780571224142
_c495.00
035 _aB-310841-854
035 _aB-359077
037 _bPansy Books
040 _adpl
_bEnglish
082 _aN
100 _aIshiguro, Kazuo
245 _aNever let me go /
_cby Kazuo Ishiguro
260 _aLondon
_bFaber and Faber
_c2005
270 _a3 Queen Square
_bLondon
_eWC1N 3AU
300 _a282p.
_c20cm(pbk)
650 _aWomen
_vFiction.
650 _aHuman cloning
_vFiction.
650 _aOrgan donors
_vFiction.
650 _aDonation of organs, tissues, etc.
_vFiction.
651 _aEngland
_vFiction.
655 _aPsychological fiction.
_2lcsh
655 _aScience fiction.
_2gsafd
942 _2ddc
_cEN
_hN
_mISH
999 _c15975
_d15975